00636 2200193 4500001002100000005001500021035002000036007000300056008003900059082001000098084001600108100001700124245015300141260006500294300004700359650001100406650001200417022001300429INLIS00000000000087420240819100517 a0010-0824000239ta240819 | | |  a633.3 a633.3 PEI m0 aPeipei Zhang1 aMultiplex CRISPR/Cas9?mediated metabolic engineering increases soya bean isoflavone content and resistance to soya bean mosaic virus /cPeipei Zhang aUnited States, Southampton :bJohn Wiley & Sons, Inc.,c2020 a1384-1395 hlm, :bilus, ;c21 cm X 29,5 cm 4aJurnal 4aKedelai a14677652